000 00905nam a22002537a 4500
008 170322s2016 cr||||| |||| 00| 0 spa d
020 _a9789968530347
082 0 4 _a708
_bP227p
100 1 _aMonge Picado, María José.
_94341
245 1 0 _aCecilia Paredes :
_bel perpetuo errante /
_cMaría José Monge Picado.
246 0 1 _aThe perpetual wanderer.
250 _a1a ed.
260 _aSan José, Costa Rica :
_bFundación Museos Banco Central,
_c2016.
300 _a72 p.
_bil. col.
500 _aCatálogo publicado con motivo a la exhibición "Cecilia Paredes: el perpetuo errante", presentada en Museos Banco Central, durante setiembre de 2016.
653 1 0 _aArte contemporáneo
653 1 0 _aCatálogo de exhibición
653 1 0 _aExhibiciones
653 1 0 _aArte - Perú
653 1 0 _aArtistas peruanos
653 1 0 _aArte intimista
653 1 0 _aInstalación
653 1 0 _aFotoperformance
999 _c1156
_d1156